| 000 | 00729nam a2200241 a 4500 | ||
|---|---|---|---|
| 001 | 34789 | ||
| 003 | BD-RjUL | ||
| 005 | 20211209052219.0 | ||
| 008 | 140519s1944 nyu 000 0 eng d | ||
| 035 | _a(BD-RjUL)34883 | ||
| 040 |
_aBD-RjUL _beng _cBD-RjUL _dBD-RjUL |
||
| 041 | _aeng | ||
| 082 |
_a335 _bLAF 1944 |
||
| 100 | 1 |
_aLaski, Harold Joseph _d1893-1950. _96133 |
|
| 245 | 1 | 0 |
_aFaith, reason, and civilization : _ban essay in historical analysis / _cby Harold J. Laski. |
| 260 |
_aNew York : _bViking Press, _c1944. |
||
| 300 |
_a[6] 187 p. ; _c22 cm. |
||
| 650 | 0 |
_aCivilization. _9105887 |
|
| 650 | 0 |
_aChristianity. _9105888 |
|
| 650 | 0 |
_aSocialism. _9105889 |
|
| 650 | 0 |
_aCommunism _zRussia. _9105890 |
|
| 942 |
_2ddc _cBK |
||
| 999 |
_c34789 _d34789 |
||